000 01275nam a2200289Ia 4500
003 OSt
005 20221005111418.0
006 a|||||r|||| 00| 0
007 ta
008 221004b |||||||| |||| 00| 0 hin d
020 _a9788181439550 (hbk)
_c795
024 _a96718
037 _b491, 18/03/2009, Vani Prakashan
_cTextual
040 _aCRL
_cCRL
_bhin
041 _2hin
_ahin
082 _aX:97.53, 152[P9]
100 _aरॉंसिएर, जा़क
245 0 _aसर्वहारा रातें
_b उन्नीसवीं सदी के फ्रास में मज़दूर - स्वप्न
246 _aSarvahārā rātean: unnīsavīan sadī ke frās mean maज़dūr - svapna
260 _aनई दिल्ली
_bवाणी प्रकाशन भारत
_c2009
300 _a455पृ0
_ccm.
490 _aसराय अनुवाद श्रृंखला
650 _aअर्थशास्त्र
700 _a दुबे, अभय कुमार, अनु.
_9623680
942 _hX:97.53, 152[P9]
_cTEXL
_2cc
999 _c1021773
_d1021773